« Pulsion scopique » et TOC : à propos d’un cas (notice n° 1674096)

détails MARC
000 -LEADER
fixed length control field 01714cam a2200337 4500500
005 - DATE AND TIME OF LATEST TRANSACTION
control field 20260301001720.0
041 ## - LANGUAGE CODE
Language code of text/sound track or separate title fre
042 ## - AUTHENTICATION CODE
Authentication code dc
100 10 - MAIN ENTRY--PERSONAL NAME
Personal name Cheour, Mejda
Relator term author
245 00 - TITLE STATEMENT
Title « Pulsion scopique » et TOC : à propos d’un cas
260 ## - PUBLICATION, DISTRIBUTION, ETC.
Date of publication, distribution, etc. 2007.<br/>
500 ## - GENERAL NOTE
General note 40
520 ## - SUMMARY, ETC.
Summary, etc. Certains auteurs ont cherchés à comparer névrose et perversions. Selon Gillepsie « perversion et névrose se rejoignent dans le complexe d’oedipe ». Selon Freud « les névroses sont le négatif des perversions ». à travers un cas clinique, les auteurs revisitent les frontières entre la jouissance névrotique et la perversion.
520 ## - SUMMARY, ETC.
Summary, etc. Scopic impulse and compulsive obsessional disorder: a case study. Some authors sought to compare nevrosis and perversion. According to Gillepsie “perversion and neurosis meet in the complex of Oedipus”, according to Freud “the neuroses are negative perversions”. Through a clinical case, the authors revisit the borders between the nevrotic pleasure and perversion”.
690 ## - LOCAL SUBJECT ADDED ENTRY--TOPICAL TERM (OCLC, RLIN)
Topical term or geographic name as entry element frontière
690 ## - LOCAL SUBJECT ADDED ENTRY--TOPICAL TERM (OCLC, RLIN)
Topical term or geographic name as entry element perversion
690 ## - LOCAL SUBJECT ADDED ENTRY--TOPICAL TERM (OCLC, RLIN)
Topical term or geographic name as entry element trouble obsessionnel convulsif
690 ## - LOCAL SUBJECT ADDED ENTRY--TOPICAL TERM (OCLC, RLIN)
Topical term or geographic name as entry element borders
690 ## - LOCAL SUBJECT ADDED ENTRY--TOPICAL TERM (OCLC, RLIN)
Topical term or geographic name as entry element compulsive obsessional disorder
690 ## - LOCAL SUBJECT ADDED ENTRY--TOPICAL TERM (OCLC, RLIN)
Topical term or geographic name as entry element perversion
700 10 - ADDED ENTRY--PERSONAL NAME
Personal name Ellouze, Faten
Relator term author
700 10 - ADDED ENTRY--PERSONAL NAME
Personal name Zayani, Nedra
Relator term author
700 10 - ADDED ENTRY--PERSONAL NAME
Personal name Drira, Sinda
Relator term author
700 10 - ADDED ENTRY--PERSONAL NAME
Personal name Louati, Afef
Relator term author
700 10 - ADDED ENTRY--PERSONAL NAME
Personal name Hsairi, Amel
Relator term author
700 10 - ADDED ENTRY--PERSONAL NAME
Personal name Khaloui, Moufida
Relator term author
700 10 - ADDED ENTRY--PERSONAL NAME
Personal name Bouasker, Anissa
Relator term author
700 10 - ADDED ENTRY--PERSONAL NAME
Personal name Aboub, Hedi
Relator term author
786 0# - DATA SOURCE ENTRY
Note Psy Cause | 50 | 4 | 2007-01-03 | p. 30-32 | 1245-2394
856 41 - ELECTRONIC LOCATION AND ACCESS
Uniform Resource Identifier <a href="https://shs.cairn.info/revue-psy-cause-2007-4-page-30?lang=fr&redirect-ssocas=7080">https://shs.cairn.info/revue-psy-cause-2007-4-page-30?lang=fr&redirect-ssocas=7080</a>

Pas d'exemplaire disponible.

PLUDOC

PLUDOC est la plateforme unique et centralisée de gestion des bibliothèques physiques et numériques de Guinée administré par le CEDUST. Elle est la plus grande base de données de ressources documentaires pour les Étudiants, Enseignants chercheurs et Chercheurs de Guinée.

Adresse

627 919 101/664 919 101

25 boulevard du commerce
Kaloum, Conakry, Guinée

Réseaux sociaux

Powered by Netsen Group @ 2025